El señor presidente / (Registro nro. 7790)

Detalles MARC
000 -LIDER
fixed length control field 00860cam a2200277 a 4500
001 - NÚMERO DE CONTROL
Identificador de número de control 000020036
003 - IDENTIFICACDOR DE NÚMERO DE CONTROL
control field DO-SdBNP
005 - DATE AND TIME OF LATEST TRANSACTION
control field 20230509123004.0
008 - ELEMENTOS DE LONGITUD FIJA
fixed length control field 980326s2000 dr 000 f spa d
020 ## - ISBN
International Standard Book Number 8481301353
040 ## - FUENTE DE CATALOGACIÓN
Agencia que crea de manera original el registro BPMSU
Idioma de catalogación spa
Agencia que realiza la transcripción BPMSU
082 #4 - NÚMERO DE CLASIFICACIÓN DECIMAL DE DEWEY
Classification number G863.44
Item number A859s 2000
Edition number 22
100 1# - ASIENTO PRINCIPAL -- NOMBRE PERSONAL
Nombre personal Asturias, Miguel Ángel,
Fechas asociadas con el nombre 1899-1974
245 13 - MENCIÓN DE TITULO
Título El señor presidente /
Mención de responsabilidad Miguel Ángel Asturias.
260 0# - PUBLICACIÓN, DISTRIBUCIÓN, ETC. (PIE DE IMPRENTA)
Lugar de publicación, distribución, etc Santo Domingo :
Nombre del editor, distribuidor, etc. El Siglo,
Fecha de publicación, distribución, etc 2000.
300 ## - DESCRIPCIÓN FÍSICA
Extensión 255 p. ;
Dimensiones 21 cm.
490 0# - MENCIÓN DE SERIES
Mención de serie Publicaciones del Siglo;
-- Joyas del milenio
Volume/sequential designation 1
534 ## - NOTA SOBRE LA VERSIÓN ORIGINAL
Publicación, distribución, etc. del original Barcelona : Bibliotex, 2000.
590 ## - NOTA LOCAL
Enlace Inventariado, 2023/VM
650 #4 - ENCABEZAMIENTO DE MATERIA--TEMÁTICO
Término temático o nombre geográfico como elemento de entrada Novela guatemalteca
650 #4 - ENCABEZAMIENTO DE MATERIA--TEMÁTICO
Término temático o nombre geográfico como elemento de entrada Literatura guatemalteca
910 ## - VALIDACIÓN
Validación Validado. Control de calidad MFF
942 ## - ADDED ENTRY ELEMENTS (KOHA)
Source of classification or shelving scheme Dewey Decimal Classification
Koha item type Libros
945 ## - INFORMACIÓN DE PROCESAMIENTO LOCAL
Información de procesamiento local Inventariado, 2018/ YL
956 ## - LOCAL ELECTRONIC LOCATION AND ACCESS (OCLC)
Nombre de host VMATEO
Número de acceso 10
Información de compresión 20150505
Inicio de sesión BPMSU
Procesador de solicitud 00151
Existencias
Withdrawn status Lost status Source of classification or shelving scheme Damaged status Not for loan Collection code Home library Current library Date acquired Source of acquisition Full call number Barcode Date last seen Price effective from Koha item type Copy number
    Dewey Decimal Classification     Colección Dominicana Biblioteca Pública Metropolitana Salomé Ureña Biblioteca Pública Metropolitana Salomé Ureña 05/05/2015 FUNDI BPMSU CD G863.44 A859s 2000 BPMSU15051543 05/05/2015 05/05/2015 Libros  
    Dewey Decimal Classification     Colección Dominicana Biblioteca Pública Metropolitana Salomé Ureña Biblioteca Pública Metropolitana Salomé Ureña 05/05/2015   BPMSU CD G863.44 A859s 2000 BPMSU15051544 05/05/2015 05/05/2015 Libros e.2